| 000 | 01297nam a2200325 a 4500 | ||
|---|---|---|---|
| 001 | 000028419 | ||
| 005 | 20250225115302.0 | ||
| 008 | 110408s2010 dr a r 000 0 spa d | ||
| 020 | _a9789945447477 | ||
| 040 |
_aDO-SdBNP _bspa _cBNPHU |
||
| 082 |
_a378.007 _bP438in |
||
| 100 | 1 |
_aPérez-Incháustegui, Josefina _955372 |
|
| 245 | 1 | 0 |
_aInvestigaciones universitarias II : _b2000-2010 / _cJosefina Pérez-Incháustegui. |
| 260 |
_aSanto Domingo : _bUASD, _c2010. |
||
| 300 |
_av. : _bil. ; _c23 cm. |
||
| 490 | 1 |
_aPublicaciones de la Universidad Autónoma de Santo Domingo _v1470 |
|
| 490 | 1 |
_aEducación y sociedad _v76 |
|
| 500 | _aLa biblioteca posee el volumen 1. | ||
| 500 | _aIncluye datos biográficos del autor en la contracubierta. | ||
| 504 | _aBibliografía : p. 457-461. | ||
| 590 | _aInventariado, 2018/BT | ||
| 650 | 4 |
_aEducación superior _xInvestigaciones _918290 |
|
| 650 | 0 |
_a Ciencia - _xMetodología _93 |
|
| 650 | 4 |
_aProyectos de investigación _912 |
|
| 650 | 4 |
_aPlanificación universitaria _zRepública Dominicana _919531 |
|
| 710 | 1 |
_aUniversidad Autónoma de Santo Domingo _972951 |
|
| 830 | 0 |
_aPublicaciones de la Universidad Autónoma de Santo Domingo _n1470 _955373 |
|
| 830 | 0 |
_aEducación y sociedad _n76 _955374 |
|
| 910 | _aValidado. Control de calidad. EMS | ||
| 999 |
_c27911 _d27911 |
||